| 000 | 00522nam a22001817a 4500 | ||
|---|---|---|---|
| 008 | 150702b xxu||||| |||| 00| 0 eng d | ||
| 020 | _a0028141490 | ||
| 041 | 0 | _aeng | |
| 080 | _a331 | ||
| 100 | _aBrown, Betty J.; Clow, john E.; | ||
| 245 |
_aIntroduction to business : _cBetty J. Brown; John E. Clow; |
||
| 260 |
_aOhio: _bMcGraw-Hill; _c1997. |
||
| 300 |
_a686 f.: _bme il.; _c25 cm. |
||
| 505 | _aIndex: f. 675-685 | ||
| 650 | 0 | _aBiznesi | |
| 650 | 0 | _aEkonomiks | |
| 942 |
_2udc _cBK |
||
| 999 |
_c1088 _d1088 |
||